00414pam a2200133 a 4500020001700000040000800017082002600025100001800051245009600069260003700165300003400202500002000236650002400256 a0070225923 : cDLC00a658 MCG 1992 A054 Or.1 aFritz, Roger.14aThe entrepreneurial family :bhow to sustain the vision and value in your family business / aNew York :bMcGraw-Hill,cc1992. axxi, 218 p. :bill. ;c24 cm. aIncludes index. 0aFamily corporations